00351nam a22001337a 4500003000400000005001700004008004100021020001800062040000800080100002800088245004500116250001100161260004500172OSt20191107113502.0191107b xxu||||| |||| 00| 0 eng d a9780618794249 cN/A aThomas F.X. Noble et al aWestern Civilization:bBeyond Boundaries a5th ed aNew YorkbHoughton Mifflin Companyc2008